| 000 | 00834nam a2200253Ia 4500 | ||
|---|---|---|---|
| 003 | OSt | ||
| 005 | 20220930195305.0 | ||
| 006 | a|||||r|||| 00| 0 | ||
| 007 | ta | ||
| 008 | 220926b |||||||| |||| 00| 0 pan d | ||
| 024 | _a14784 | ||
| 037 | _cDissertations | ||
| 040 |
_aCRL _cCRL _bpan |
||
| 041 |
_2pan _apan |
||
| 100 |
_aMatheru Satwant _9564039 |
||
| 110 |
_aUniversity of Delhi. Faculty of Arts. Department of Punjabi _9519628 |
||
| 245 | 0 | _aHarbhajan Singh rachit 'Adhyan te adhyapan' da prasmikhyatmak adhyayan | |
| 260 | _c1994 | ||
| 650 | _aPUNJABI LITERATURE | ||
| 700 |
_a Prof. Gurucharan Singh Supervisor _9564040 |
||
| 700 |
_aUniversity of Delhi. Faculty of Arts. Department of Punjabi _9519631 |
||
| 942 |
_cDIS _2CC |
||
| 999 |
_c898877 _d898877 |
||